[Event "20th IPCA World-ch 2021"]
[Site "Torrevieja"]
[Date "2021.10.24"]
[Round "7.5"]
[White "Gedgafov, Chamal"]
[Black "Valenta, Vit Vaclav"]
[Result "1/2-1/2"]
[WhiteElo "2202"]
[BlackElo "2028"]
[Annotator "TA"]
[PlyCount "213"]
[EventDate "2021.10.19"]
[EventType "swiss"]
[EventRounds "9"]
[EventCountry "ESP"]
[SourceTitle "playchess.com"]
[Source "ChessBase"]
[SourceQuality "1"]

{[%evp 9,213,-24,-10,-27,-27,-43,-29,-24,-18,-3,0,-93,-89,-86,-81,-91,-80,-163,-84,-102,-80,-80,-39,-59,0,-81,-78,-87,-62,-71,-64,-108,-115,-210,-210,-216,-203,-325,-275,-438,-431,-375,-235,-230,-227,-231,-226,-413,-306,-313,-252,-324,-322,-324,-324,-401,-384,-353,-229,-328,-324,-323,-312,-331,-325,-328,-325,-305,-303,-439,-239,-459,-454,-452,-425,-408,-394,-440,-441,-435,-416,-331,-280,-488,-479,-474,-466,-426,-414,-420,-410,-396,-389,-486,-471,-470,-460,-462,-446,-526,-495,-493,-456,-541,-516,-511,-481,-488,-453,-706,-684,-1427,-1388,-12838,-1373,-12837,-12836,-2213,-745,-537,-195,-195,-195,-195,-195,-195,-195,-195,-195,-195,-195,-195,0,-195,-187,-187,-187,-187,-187,-195,-195,-195,0,-195,-195,-195,-195,-195,-195,-195,-195,-195,-56,-56,-56,-56,-56,-56,-56,-97,-43,-43,-43,-43,-43,-43,-43,-43,-43,-43,0,-43,-43,-43,-43,-43,-43,-43,-43,-43,-43,-43,-43,-43,-43,-43,-43,-43,-50,-50,0,-50,0,-50,0,-43,0,-111,-111,-112,-112,-112,0,-112,0,-112]} 1. Nf3 Nf6 2. b3 c5 3. Bb2 g6 4. e4 Bg7 5. e5 Nd5 6. c4 {A05: Réti Opening: 1 Nf3 Nf6.} Nc7 7. Nc3 O-O {[#]} 8. d4 $146 {Black has an edge.} ({Predecessor:} 8. g3 Nc6 9. Na4 b6 10. Bg2 Bb7 11. O-O Ne6 12. Re1 Qc7 13. a3 Ncd4 14. Nc3 Nxf3+ 15. Bxf3 Bxf3 16. Qxf3 {0-1 (33) Montalvao,P (1382)-Bueno,F (1662) Brasilia 2017}) 8... Nc6 9. dxc5 Nxe5 10. Na4 (10. Nxe5 $11 Bxe5 11. Qe2) 10... Nxf3+ $17 11. Qxf3 Bxb2 12. Nxb2 Ne6 13. Nd3 (13. Be2 $17) 13... Nxc5 14. O-O-O Nxd3+ 15. Bxd3 Qa5 16. Kb1 Qb4 (16... Qa3 $15) 17. Kb2 (17. h4 $1 $11 {keeps the balance.}) 17... a5 18. a3 Qc5 19. Rhe1 d5 20. Qxd5 Qxf2+ 21. Re2 (21. Bc2 $17) 21... Qf6+ $19 22. Re5 Be6 23. Qe4 (23. Qd4 $142) 23... Rad8 24. Bc2 (24. Kc2 {keeps fighting.}) 24... Rxd1 25. Bxd1 Rc8 26. Qd4 a4 $1 27. Bf3 axb3 28. Re4 $2 (28. c5) 28... Bxc4 29. Qxf6 exf6 {[%mdl 4096] Endgame KRB-KRB} 30. Rd4 b5 31. Bd1 Re8 32. a4 Ra8 33. axb5 Bxb5 34. Bf3 (34. Kxb3 {is a better defense.} Bc6 35. g3) 34... Ra7 35. Kxb3 Rc7 36. Rd6 Kg7 37. Kb4 Bd7 38. Ka5 Be6 39. Rd4 (39. Bc6 $142) 39... Rc4 (39... f5 $142 40. Rd2 Kf6) 40. Rd2 (40. Rxc4 Bxc4 41. g3) 40... f5 41. Kb5 Rc3 42. Kb4 Rc7 43. Kb5 Kf6 44. Bc6 Ra7 45. Kc5 Ra2 46. Rd3 (46. Rxa2 Bxa2 47. Kd4) 46... Rc2+ 47. Kd6 Bc4 48. Rd1 Rc3 49. Re1 Rd3+ 50. Kc5 Be6 51. Re2 h5 52. Bb5 Rd5+ 53. Kb4 h4 54. Bc6 Rd3 55. Bb5 Rd1 56. Bc6 Rc1 57. Ba8 Ra1 58. Bc6 h3 59. gxh3 (59. g3 $142 g5 60. Kc5) 59... Ra2 60. Rxa2 Bxa2 {KB-KB} 61. Kc3 Ke5 (61... Kg5 $142 62. Kd2 Kh4) 62. Kd3 Bd5 63. Be8 g5 (63... Kf4 $142 64. Kd4 Be6) 64. Ke3 f6 $2 (64... f4+ 65. Kf2 Be6) 65. Kf2 Be6 66. h4 gxh4 67. Bb5 f4 68. Bd3 Bf5 69. Be2 Be4 70. Bg4 Bf5 $2 (70... Kd4 $19 71. Be6 Ke5) 71. Bf3 $2 (71. Be2 $1 $11 Bc2 72. Bb5) 71... Bh3 72. Bc6 Bg4 73. Bb7 Bd1 74. Bc8 Bc2 75. Bg4 Bf5 $2 (75... Bb3 $19 76. Bd7 Be6) 76. Bd1 $2 (76. Be2 $11 {and White is okay.} Bc2 77. Bb5) 76... Bh3 77. Ba4 Be6 78. Bc2 Bd5 79. Bd3 Kd4 80. Bf5 f3 ({Black should play} 80... Ba8 $19 81. Bd7 Bd5) 81. Bc8 Ke4 82. Bd7 Kf4 83. Bc8 Be4 84. Bd7 f5 (84... Bb7 $17 85. Bh3 f5) 85. Bb5 $15 Bd5 {Threatens to win with ...Be4.} 86. Ba6 Bf7 87. Bb5 Bh5 88. Bc4 Bg4 89. Bd5 Bh5 90. Bc4 Kg4 {Strongly threatening ...Kh3.} 91. Kg1 Be8 92. Bd3 Bc6 93. Bc4 Kf4 94. Kf2 Ba4 95. Bd5 Bd1 {White must now prevent ...Kg4.} 96. Be6 Kg4 97. Kg1 Bc2 {[#] And now ...Kh3 would win.} 98. Bc4 Be4 99. Bb5 Kf4 100. Kf2 Kg4 {aiming for ...Kh3.} 101. Kg1 Bc2 102. Bc4 $1 Bd1 103. Bb5 (103. Be6 $11 {remains equal.}) 103... Be2 $17 104. Bd7 Bd3 {...Kh3 is the strong threat.} 105. Bc6 Be4 106. Bb5 Kf4 {[#] ( -> ...Ke3)} 107. Kf2 {And White is the lucky defender.  Weighted Error Value: White=0.53/Black=0.19} 1/2-1/2

[Event "20th IPCA World-ch 2021"]
[Site "Torrevieja"]
[Date "2021.10.24"]
[Round "7.6"]
[White "Glazar, Domagoj"]
[Black "Nikitskaya, Varvara"]
[Result "1-0"]
[WhiteElo "2142"]
[BlackElo "1173"]
[Annotator "TA"]
[PlyCount "47"]
[EventDate "2021.10.19"]
[EventType "swiss"]
[EventRounds "9"]
[EventCountry "ESP"]
[SourceTitle "playchess.com"]
[Source "ChessBase"]
[SourceQuality "1"]

{[%evp 13,47,43,40,35,49,47,45,0,0,-7,0,-73,0,0,6,10,34,32,37,0,478,469,477,481,530,530,531,526,907,787,912,843,825,826,997,293]} 1. d4 d5 2. c4 e6 3. Nc3 Nf6 4. cxd5 exd5 5. Bg5 c6 6. e3 Qb6 {6...h6 is becoming the main line.} 7. Qc2 Ne4 8. Nxe4 {D35: Queen's Gambit Declined: Exchange Variation.} dxe4 9. Qxe4+ Be6 10. O-O-O {Hoping for Bc4.White is slightly better.} Qa5 $1 {[%cal Ra5g5]} 11. Nf3 {Threatens to win with Bc4.} Qxa2 12. Bd3 {[#]} (12. Ne5 $11 {remains equal.} Qa1+ 13. Kc2 (13. Qb1 $2 Qxb1+ 14. Kxb1 f6 $19 {[%mdl 64] Double Attack}) 13... Qa4+ 14. Kc1) 12... Qa1+ $146 (12... Nd7 $17 {...h6 is the strong threat.} 13. Bb1 Qa1) ({Predecessor:} 12... f5 13. Qe5 Nd7 14. Qc7 Bb4 15. Ne5 Nxe5 16. dxe5 O-O 17. Be7 Rfc8 18. Qxc8+ Rxc8 19. Bxb4 {0-1 (35) Lysiak,M (2349)-Shapiro,D (2530) Chess.com INT 2020}) 13. Kc2 $11 Qa4+ 14. Kd2 Qb4+ 15. Ke2 Nd7 16. Nd2 h6 $2 {[%mdl 8192] [#]} (16... Nb6 $11 {and Black stays safe.}) 17. Qxe6+ $1 $18 {[%mdl 512] White is clearly winning.} Be7 18. Bxe7 Qxd2+ 19. Rxd2 {White threatens Bg6! and mate.} fxe6 20. Bh4 b5 21. Rc1 Rc8 {[#]} 22. Bxb5 $1 O-O (22... g5 23. Bg3) 23. Rxc6 Rb8 24. Rc4 $2 {Weighted Error Value: White=0.22/Black=0.89} 1-0

[Event "20th IPCA World-ch 2021"]
[Site "Torrevieja"]
[Date "2021.10.24"]
[Round "7.7"]
[White "Aleksandrova, Aleksandra"]
[Black "Zavarsky, Juraj"]
[Result "0-1"]
[WhiteElo "1728"]
[BlackElo "1975"]
[Annotator "TA"]
[PlyCount "84"]
[EventDate "2021.10.19"]
[EventType "swiss"]
[EventRounds "9"]
[EventCountry "ESP"]
[SourceTitle "playchess.com"]
[Source "ChessBase"]
[SourceQuality "1"]

{[%evp 9,84,-7,-1,-86,-80,-125,-82,-77,-93,-86,-82,-113,-107,-133,-22,-63,-44,-327,-58,-139,-127,-147,-135,-136,-147,-130,0,21,47,37,45,-81,0,-32,-33,-619,-627,-597,-628,-922,-914,-876,-286,-291,-268,-517,-516,-516,-507,-635,-586,-1302,-1188,-29977,-29978,-29978,-29979,-29979,-29980,-29980,-29981,-29987,-29982,-29994,-29995,-29995,-29995,-29995,-29981,-29985,-29986,-29997,-29998,-29998,-29998,-29998,-29999]} 1. e4 c5 2. f4 e6 3. Nf3 a6 4. a4 Nc6 5. c3 d5 {[#]} 6. exd5 $146 {B21: Sicilian: 2 f4 and Morra Gambit.} (6. d3 $11) ({Predecessor:} 6. d3 dxe4 7. dxe4 Qxd1+ 8. Kxd1 Nf6 9. Nbd2 Be7 10. Bd3 O-O 11. Nc4 Rd8 12. Kc2 {1-0 (38) Probola,R (2155)-Derus,J (1895) Wojewodztwo Lubelskie 2013}) 6... exd5 $17 ({Much weaker is} 6... Qxd5 $6 7. d3 $11) 7. Bd3 c4 8. Bc2 {Black is better.} Bc5 9. d4 cxd3 $1 10. Qxd3 Nge7 $1 11. Qe2 h6 (11... O-O $1 $17 {White must now prevent ...Nf5.} 12. b4 Bb6) 12. b4 Bb6 13. Ba3 $2 {[%mdl 8192]} ({White should play} 13. a5 $15 Ba7 14. Be3) 13... Bg4 $2 (13... O-O $1 $19 14. Kd1 d4) 14. h3 (14. b5 $15 Na5 15. Nbd2) 14... Bxf3 15. Qxf3 O-O $1 16. Nd2 d4 {Strongly threatening ...dxc3.} 17. c4 a5 $2 (17... Re8 $1 $17 18. Kd1 d3 19. Qxd3 Qxd3 20. Bxd3 Rad8) 18. b5 $11 Nb4 19. Bxb4 axb4 20. Qd3 (20. Bd3 $1 $14) 20... Ng6 (20... g6 {is more complex.} 21. Bb3 Nf5 22. O-O Re8 23. Ne4 Qe7) 21. O-O Re8 $36 {[%mdl 2048] Threatens to win with ...Re3. Black has the initiative.} 22. Rae1 {[%mdl 8192] White is on the road to losing.} (22. c5 $15 Bxc5 23. Nc4) 22... Re3 $19 23. Rxe3 dxe3 24. a5 Qxd3 25. Bxd3 {[#]} e2+ $2 (25... Nxf4 $1 {[%mdl 512]} 26. axb6 Nxd3) 26. axb6 exf1=Q+ ({Don't do} 26... exf1=N 27. Bxf1 Ra2 28. Ne4 $19) 27. Kxf1 $2 {[#]} (27. Bxf1 {was the only defense.} Ra2 28. Nb3) 27... Rd8 $1 28. Bxg6 {Hoping for Be4.} Rxd2 {[%mdl 4096] Endgame KR-KB} ({Stronger than} 28... fxg6 29. Ke2 $11) 29. Be4 Rd4 30. Bxb7 {aiming for Bd5.} b3 {And now ...b2 would win.} 31. Bc8 b2 {Black mates.} 32. Bf5 Rxf4+ {[%mdl 64] Double Attack} 33. Ke2 Rxf5 {KR-KP} 34. b7 b1=Q 35. b8=Q+ Kh7 36. Qc7 Qe4+ {[%mdl 64] Double Attack} 37. Kd2 Qd4+ 38. Kc2 Rc5 39. Qxf7 Rxc4+ 40. Kb1 Qd3+ 41. Ka1 Rc1+ {[%mdl 64] Discovered Attack} 42. Ka2 Rc2+ {[%mdl 64] Double Attack.  Weighted Error Value: White=1.06/Black=0.37} 0-1

[Event "20th IPCA World-ch 2021"]
[Site "Torrevieja"]
[Date "2021.10.24"]
[Round "7.8"]
[White "Vasquez, Georges"]
[Black "Petrov, Maksim"]
[Result "0-1"]
[WhiteElo "1864"]
[BlackElo "1568"]
[Annotator "NA RC"]
[PlyCount "144"]
[EventDate "2021.10.19"]
[EventType "swiss"]
[EventRounds "9"]
[EventCountry "ESP"]
[SourceTitle "playchess.com"]
[Source "ChessBase"]
[SourceQuality "1"]
[TimeControl "5400+30"]

1. Nf3 d5 2. g3 Nf6 3. Bg2 e6 4. O-O c5 5. d3 Nc6 6. Nbd2 b6 7. e4 Bb7 8. e5 Nd7 9. Re1 Qc7 10. Qe2 h6 11. Nf1 g5 12. h3 Bg7 13. N1h2 Ndxe5 14. Nxe5 Qxe5 15. Qxe5 Nxe5 16. f4 gxf4 17. gxf4 Nd7 18. Ng4 O-O-O 19. c3 d4 20. Bxb7+ Kxb7 21. c4 h5 22. Nh2 Rde8 23. Nf3 Rhg8 24. Kf2 f5 25. Bd2 e5 26. fxe5 Bxe5 27. Rg1 Bf6 28. Rxg8 Rxg8 29. Re1 Rg7 30. Bf4 Re7 31. Rg1 Be5 32. Re1 Bf6 33. Rg1 Nf8 34. Bd6 Rf7 35. Rg8 Ne6 36. Rg6 Ng7 37. Bf4 Ne6 38. Be5 Bxe5 39. Rxe6 Bf6 40. Kg3 Kc7 41. Kf4 Kd7 42. Re2 Kd6 43. Ng5 Bxg5+ 44. Kxg5 f4 45. Kxh5 Rg7 46. Re4 Rg3 47. h4 f3 48. Rf4 Ke5 49. Rf8 Rg2 50. Rxf3 Rxb2 51. Kg4 Rxa2 52. Kg3 Re2 53. Kg4 a5 54. Rf8 Re3 55. Rb8 Rxd3 56. Rxb6 a4 57. h5 Rd2 58. Rc6 a3 59. Rxc5+ Ke4 60. h6 a2 61. Ra5 Rh2 62. c5 Rxh6 63. Rxa2 d3 64. Kg3 Ke3 65. Ra3 Ke2 66. Ra8 Re6 67. c6 d2 68. c7 d1=Q 69. c8=Q Qg1+ 70. Kf4 Qe3+ 71. Kf5 Qe5+ 72. Kg4 Rg6+ 0-1

[Event "20th IPCA World-ch 2021"]
[Site "Torrevieja"]
[Date "2021.10.24"]
[Round "7.9"]
[White "Wollner, Bohus"]
[Black "Nazarov, Nicolai"]
[Result "0-1"]
[WhiteElo "1107"]
[BlackElo "1770"]
[Annotator "NA RC"]
[PlyCount "58"]
[EventDate "2021.10.19"]
[EventType "swiss"]
[EventRounds "9"]
[EventCountry "ESP"]
[SourceTitle "playchess.com"]
[Source "ChessBase"]
[SourceQuality "1"]
[TimeControl "5400+30"]

1. d4 d5 2. Nf3 c5 3. c4 e6 4. Nc3 dxc4 5. e3 cxd4 6. exd4 Bb4 7. Bxc4 h6 8. O-O Nf6 9. Re1 O-O 10. a3 Ba5 11. b4 Bb6 12. Bb2 a6 13. Ne4 Nxe4 14. Rxe4 Bd7 15. Qc2 Bc6 16. Ree1 Bxf3 17. gxf3 Bxd4 18. Bxd4 Qxd4 19. Rad1 Qf4 20. Qe4 Qxe4 21. fxe4 Nc6 22. f3 Ne5 23. Be2 Rfd8 24. Rxd8+ Rxd8 25. Kf2 Rd2 26. Kg1 Ra2 27. f4 Ng6 28. f5 exf5 29. exf5 Nh4 0-1

[Event "20th IPCA World-ch 2021"]
[Site "Torrevieja"]
[Date "2021.10.24"]
[Round "8.1"]
[White "Zakharova, Evgeniya"]
[Black "Obodchuk, Andrei"]
[Result "0-1"]
[WhiteElo "2045"]
[BlackElo "2303"]
[Annotator "TA"]
[PlyCount "86"]
[EventDate "2021.10.19"]
[EventType "swiss"]
[EventRounds "9"]
[EventCountry "ESP"]
[SourceTitle "playchess.com"]
[Source "ChessBase"]
[SourceQuality "1"]

{[%evp 13,86,0,28,-12,-9,-54,-16,-33,0,0,0,0,0,0,0,0,0,0,0,0,0,0,0,0,0,0,0,0,0,0,155,-172,-171,-358,-361,-677,-662,-727,-720,-716,-704,-676,-597,-604,-523,-523,-527,-527,-526,-521,-500,-474,-468,-516,-516,-670,-656,-737,-722,-929,-929,-889,-811,-929,-914,-928,-769,-1952,-1798,-1773,-1729,-1685,-1618,-1167,-1014]} 1. Nf3 d5 2. d4 Nf6 3. c4 e6 4. g3 dxc4 5. Bg2 a6 6. a4 Nc6 7. O-O Rb8 8. Na3 {E04: Open Catalan: 5 Nf3.} Bxa3 9. bxa3 O-O 10. Qc2 {[#] The position is equal.} b5 $146 ({Predecessor:} 10... b6 11. Qxc4 Na5 12. Qc2 Bb7 13. Bf4 Rc8 14. Rac1 Be4 15. Qb2 Qd7 16. Bg5 Qd5 17. Bxf6 gxf6 {1-0 (51) Panesso Rivera,H (2423)-Vera Siguenas,D (2503) Havana 2018}) 11. axb5 axb5 12. a4 b4 {And now ...Ba6 would win.} 13. Qxc4 Na5 14. Qd3 Bb7 15. Nd2 Bxg2 16. Kxg2 c5 17. dxc5 Qxd3 18. exd3 Rfd8 19. Nc4 Nb3 20. Bf4 {Threatens to win with c6.} Rbc8 21. Rab1 Nxc5 (21... Rxd3 $11 22. Nb6 Rxc5) 22. Ne5 $2 {[#] This move loses the game for White.} (22. Nb6 $1 $16 {[%cal Rb6c8] is necessary to keep the advantage.} Rc6 23. Rfc1 $1) 22... Nd5 $1 $19 ({Weaker is} 22... Nxd3 23. Nxd3 Rxd3 24. Rxb4 $11) 23. Rfc1 $2 (23. Be3) 23... f6 ({Less strong is} 23... Nxa4 24. Nc6 $15) 24. Nc6 (24. Nf3 Nc3 25. Rxb4 Nxd3 {[%mdl 64] Double Attack} 26. Rxc3 Rxc3 27. Rb6) 24... Rxc6 {Black is clearly winning.} 25. d4 Nxf4+ {[%mdl 64] Discovered Attack} 26. gxf4 Rxd4 27. a5 b3 28. a6 Ra4 29. Rxb3 Raxa6 30. Rbc3 Ra5 31. Kf3 Kf7 32. Ke3 h6 33. h4 Rb5 34. Ra1 Rb3 35. Ra7+ Kg6 36. h5+ Kf5 37. Rxb3 Nxb3 38. Rxg7 {[%mdl 4096] Endgame KRN-KR} Rc3+ 39. Ke2 Rh3 40. Rb7 Nd4+ 41. Kd2 Kxf4 42. Rb4 e5 43. Rb6 Kf5 {Weighted Error Value: White=0.60/Black=0.17} 0-1

[Event "20th IPCA World-ch 2021"]
[Site "Torrevieja"]
[Date "2021.10.24"]
[Round "8.2"]
[White "Kimsanboyev, Axadxon"]
[Black "Gurbanov, Andrei"]
[Result "0-1"]
[WhiteElo "1636"]
[BlackElo "2252"]
[Annotator "TA"]
[PlyCount "78"]
[EventDate "2021.10.19"]
[EventType "swiss"]
[EventRounds "9"]
[EventCountry "ESP"]
[SourceTitle "playchess.com"]
[Source "ChessBase"]
[SourceQuality "1"]

{[%evp 11,78,0,14,0,-11,-12,-8,-29,-23,-14,0,0,13,0,0,-14,-13,-5,-5,-10,-10,-14,0,-17,-12,-33,-24,-28,-6,-8,-10,-45,-45,-44,-42,-143,-55,-208,-204,-216,-204,-201,-162,-247,-240,-389,-303,-327,-248,-302,-230,-727,-742,-852,-497,-583,-559,-794,-779,-1233,-1212,-1176,-1174,-1716,-1604,-1584,-1533,-5706,-5610]} 1. d4 d5 2. Bf4 Nf6 3. e3 c5 4. c3 e6 5. Nd2 Nc6 6. Bd3 Bd6 7. Bxd6 {7.Bxd6 scores better than 7.Bg3. D00: 1 d4 d5: Unusual lines.} Qxd6 8. f4 O-O 9. Ngf3 {The position is equal.} cxd4 10. cxd4 Nb4 11. Bb1 b6 12. a3 Nc6 13. Bd3 a5 14. Qe2 Ne7 15. O-O Bb7 16. Rac1 {[#]} Rac8 $146 ({Predecessor:} 16... Nf5 17. Ne5 Rfc8 18. Qf3 Rc7 19. g4 Nh4 20. Qh3 Ng6 21. Ndf3 Rac8 22. Rxc7 Rxc7 23. Nxg6 hxg6 {0-1 (51) Gulko,B (2620)-Comp Virtual Chess Boston 1995}) 17. Nb3 Ne4 18. Rxc8 (18. Nbd2 {is interesting.} f6 19. Nb1 Rc7 20. Rxc7 Qxc7 21. Bb5) 18... Rxc8 19. Rc1 Rxc1+ 20. Nxc1 Qc7 21. Nb3 Nf5 {[%cal Be7f5,Bf5d6,Bd6c4][%mdl 32]} 22. g4 Nfd6 23. Kg2 (23. Qd1 $15) 23... f6 (23... a4 $17 24. Nbd2 Qc1) 24. h3 $2 {This costs White the game.} (24. Nbd2 $15) 24... a4 $19 25. Nbd2 Qc1 26. Nf1 {[#]} Nc4 $1 27. Bxc4 (27. Kg1 $142) 27... dxc4 28. Kh2 (28. Kg1 $142) 28... Bd5 29. Ng3 b5 30. Nxe4 Bxe4 31. Qd2 $2 {[#]} (31. g5) 31... Qf1 {Black is clearly winning.} 32. Ng1 h6 33. Qe2 Qc1 34. h4 b4 35. axb4 c3 36. bxc3 a3 37. Nf3 Qc2 38. Qxc2 Bxc2 39. Ne1 Be4 {Weighted Error Value: White=0.98/Black=0.19} 0-1

[Event "20th IPCA World-ch 2021"]
[Site "Torrevieja"]
[Date "2021.10.24"]
[Round "8.3"]
[White "Kaydanovich, Marina"]
[Black "Anfinogenov, Artem"]
[Result "0-1"]
[WhiteElo "1737"]
[BlackElo "2032"]
[Annotator "TA"]
[PlyCount "86"]
[EventDate "2021.10.19"]
[EventType "swiss"]
[EventRounds "9"]
[EventCountry "ESP"]
[SourceTitle "playchess.com"]
[Source "ChessBase"]
[SourceQuality "1"]

{[%evp 14,86,42,47,50,42,44,45,57,41,27,29,28,27,22,8,5,4,31,25,61,32,38,22,31,31,39,6,8,-22,29,30,60,60,66,54,124,106,99,92,135,115,124,135,147,16,85,29,113,-14,-10,-50,-44,-29,-40,-199,-183,-278,-284,-389,-395,-471,-452,-445,-433,-939,-938,-823,-290,-435,-427,-1217,-497,-4910,-2102]} 1. d4 Nf6 2. Nf3 e6 3. c4 c5 4. d5 exd5 5. cxd5 d6 6. Nc3 g6 7. e4 a6 8. a4 Bg7 {A70: Modern Benoni: 6 e4 g6 7 Nf3.} 9. Be2 Bg4 {is now debated instead of 9...0-0.} 10. a5 O-O {White is slightly better.} 11. O-O Re8 12. h3 Bxf3 13. Bxf3 Nbd7 {[%cal Bb8d7,Bd7e5,Be5g6,Bg6f4,Bf4d3][%mdl 32]} 14. Bf4 Ne5 15. Be2 {[#]} h6 $146 ({Predecessor:} 15... c4 16. Qa4 Rc8 17. Qb4 Nfd7 18. Be3 Qc7 19. Na4 Nd3 20. Bxd3 cxd3 21. Rac1 Qb8 {½-½ (61) Tudor,V (1400)-Mircea,S ICCF email 2009}) 16. Be3 g5 17. Qc2 Ng6 18. Rfe1 Qe7 {[%cal Rf6e4]} 19. Ra4 Nd7 20. Bh5 Nf4 21. Bg4 Ne5 (21... b5 $142 22. axb6 Nxb6) 22. Bf5 $11 Nfd3 23. Rd1 Nb4 24. Qe2 Nd7 ({Black should play} 24... Qf6 $14) 25. f4 gxf4 26. Bxf4 b5 27. axb6 $1 Nxb6 28. Raa1 Qf6 29. g4 ({Better is} 29. Rd2 $16) 29... Qe7 (29... Qh4 $1 $11) 30. Kg2 (30. g5 $16) 30... c4 (30... Bd4 $11 {keeps the balance.}) 31. Be3 {[#]} (31. Qd2 $1 $16) 31... Nd3 $1 32. Rf1 (32. Ra2 Bxc3) 32... Bxc3 33. bxc3 {[#]} Nxd5 34. Bxh6 $2 {This costs White the game.} ({White should try} 34. Bd2 $15) 34... Nxc3 35. Qc2 (35. Qd2 $142 Nxe4 36. Qe3) 35... Qe5 $19 36. Ra3 Nxe4 37. Rxd3 cxd3 38. Qxd3 Rab8 {( -> ...Rb2+)} 39. Bf4 (39. Bc1 $142 d5 40. Rf3) 39... Qb2+ 40. Kg1 {[#]} Qb6+ $2 (40... Rb3 $1 41. Qd5 (41. Bh7+ Kxh7) 41... Nc3) 41. Be3 (41. Kh2 {might work better.} Qb2+ 42. Kg1) 41... Qb3 {Black is clearly winning.} 42. Qd4 (42. Rd1 $142) 42... Ng3 (42... Rb4 $142 43. Qa7 {[#]} Re7 $3 {[%mdl 512]} 44. Qa8+ Rb8 45. Qxb8+ Qxb8 46. Bxe4 Rxe4) 43. Bh7+ (43. Re1 $142) 43... Kxh7 {Weighted Error Value: White=0.85/Black=0.35} 0-1

[Event "20th IPCA World-ch 2021"]
[Site "Torrevieja"]
[Date "2021.10.24"]
[Round "8.4"]
[White "Tsapalin, Sergey"]
[Black "Moya Albaladejo, Jose Antonio"]
[Result "1-0"]
[WhiteElo "1981"]
[BlackElo "1923"]
[Annotator "TA"]
[PlyCount "111"]
[EventDate "2021.10.19"]
[EventType "swiss"]
[EventRounds "9"]
[EventCountry "ESP"]
[SourceTitle "playchess.com"]
[Source "ChessBase"]
[SourceQuality "1"]

{[%evp 9,111,18,29,-7,-6,-13,45,6,6,6,10,3,7,6,13,0,0,-1,13,-40,-44,-44,-16,-41,-39,-84,-71,-92,-83,-90,-56,-84,-63,-73,-66,-71,-50,-85,-42,-57,-14,-14,-14,-5,-3,-20,159,169,169,163,168,154,154,154,154,154,229,203,192,186,448,445,442,443,441,433,420,405,563,527,593,463,672,654,1081,831,1637,1584,1458,1348,2168,2059,2770,2835,2562,2072,12825,12382,5824,2858,12838,12839,12839,12839,12840,12840,12839,12838,12845,12845,12845,12846,29992,29993]} 1. c4 e5 2. g3 c6 3. d4 e4 4. d5 Bb4+ 5. Bd2 Qe7 6. Bxb4 {A20: English Opening: 1...e5.} Qxb4+ {[%mdl 64] Double Attack} 7. Nc3 {[#]} cxd5 $146 (7... Nf6 $11) ({Predecessor:} 7... Nf6 8. Qd4 O-O 9. O-O-O d6 10. h3 Nbd7 11. dxc6 bxc6 12. Qxd6 Nc5 13. a3 Qa5 14. Kc2 e3 15. b4 Bf5+ 16. Kb2 Rab8 17. Nb5 Qa4 {0-1 (17) Sadovsky,A (2416)-Petrov,N (2610) Yaroslavl 2019}) 8. cxd5 {White is slightly better.} Nf6 9. Qd2 O-O $1 10. Bg2 Re8 $1 11. Rc1 Na6 {[%cal Bb8a6,Ba6c5,Bc5b3,Bb3a5,Ba5c4][%mdl 32]} 12. a3 Qb3 13. Qc2 Nc5 {[#] ...Nd3+! is the strong threat.} 14. Qxb3 ({White should play} 14. Nxe4 $1 $11 Nfxe4 15. Bxe4 Rxe4 16. Qxc5) 14... Nxb3 $15 15. Rd1 a6 16. d6 b5 17. h4 Bb7 18. Nh3 Na5 19. Rd4 Nc4 20. Ng5 {[%cal Rc3e4]} Nxb2 21. Ngxe4 Nxe4 22. Nxe4 Rac8 {And now ...Ba8 would win.} 23. O-O Bxe4 24. Bxe4 Rc3 25. Bf5 Rd8 26. Rb1 Na4 {next ...g6 is good for Black.} 27. Bxd7 $1 Rxd7 $2 {[#]} (27... Rxa3 $11 28. Bc6 Rc3) 28. Rxa4 $1 $16 {[%mdl 512] White stays focused until the end.} Rxd6 {[#]} 29. Rxb5 $1 $11 {[%mdl 4608] Endgame White wants to mate with Rb8+. KRR-KRR} g6 (29... h6 30. Rb8+) 30. Rb8+ Kg7 31. Ra8 Rcc6 32. Ra7 h5 (32... h6 $16 33. Kg2 g5) 33. Kg2 $18 Rb6 34. Rc4 Rb3 $2 (34... Rf6 {was called for.} 35. Re4 Rb3) 35. Rf4 Rf6 36. Rxf6 Kxf6 37. Rxa6+ {KR-KR} Kf5 38. e3 f6 39. a4 {[%cal Ba3a4,Ba4a5,Ba5a6,Ba6a7][%mdl 32]} Ra3 40. a5 Ra4 (40... Ra2 $142 41. Ra8 Ke6) 41. Kf3 Ra2 42. Ra8 Ke6 43. a6 Kf7 44. a7 Kg7 45. e4 Kh7 46. Ke3 Kg7 47. f3 Kh7 48. Kf4 Kg7 49. g4 Ra3 50. g5 fxg5+ 51. Kxg5 Ra5+ 52. Kf4 Ra3 53. e5 Ra4+ 54. Kg3 Ra3 55. e6 {White threatens e7 and mate.} Ra4 56. e7 {Weighted Error Value: White=0.12/Black=0.38} 1-0